''Milletin bölünmez bütünlüğü'' (Record no. 10822)

MARC details
000 -BAŞLIK
Sabit Uzunlukta Kontrol Alanı 01106na a2200313 4500
001 - KONTROL NUMARASI
Denetim Alanı 24349
003 - KONTROL NUMARASI IDENTIFIER
Denetim Alanı MIRAKIL
005 - SON İŞLEM TARİHİ VE ZAMANI
Denetim Alanı 20181213155334.0
008 - SABİT-BOY VERİ ELEMANLARI - GENEL BİLGİLER
Sabit Uzunlukta Kontrol Alanı 180919b tu 000 0
020 ## - ULUSLARARASI STANDART KİTAP NUMARASI
Uluslararası Standart Kitap Numarası 9786055832100
040 ## - KATALOGLAMA KAYNAK
Orijinal Kataloglama Ajansı Milas
Kataloglama Dili tur
Metne Dönüştürmek Ajansı TR-AnCHP
041 ## - DİL KODU
Metin / Ses Parça Veya Ayrı Başlığın Dil Kodu tur
082 ## - DEWEY ONLU SINIFLANDIRMA NUMARASI
Sınıflandırma Numarası 321.8
Ürün Numarası K35m 2009
090 ## - SINIFLAMA NUMARASI
Sınıflama Numarası 321.8 K35m 2009
100 ## - ANA GİRİŞ - KİŞİSEL İSİM
Kişisel Ad Kentel, Ferhat
245 ## - BAŞLIK TABLOSU
Başlık 'Milletin bölünmez bütünlüğü'
Başlığın Kalan Demokratikleşme sürecinde parçalayan milliyetçilik(ler)
Sorumluluk Tablosu, Vb Ferhat Kentel, Meltem Ahıska, Fırat Genç
246 ## - UNVAN FORM VARYING
Başlık Doğru / Kısa Başlığı Algılar ve zihniyet yapıları: Milliyetçilik ekseni
246 ## - UNVAN FORM VARYING
Başlık Doğru / Kısa Başlığı Demokratikleşme sürecinde parçalayan milliyetçilik(ler)
250 ## - EDITION TABLOSU
Baskı Beyanı 2. bs.
260 ## - YAYIN, DAĞITIM, VB
Yayın, Dağıtım, Vb Yeri İstanbul
Yayıncı, Dağıtıcı, Vs Adı TESEV Yayınları
Yayın, Dağıtım, Vb Tarihi 2009
Üretici Firma sena ofset
300 ## - FİZİKSEL TANIM
Kapsam 310 s.
Boyutlar 23 sm.
504 ## - KAYNAKÇA VB NOT
Kaynakça Vb Notu Kaynakça var.
650 ## - KONU KATMA GİRİŞ - TOPİKAL DÖNEM
Topikal Süreli Veya Coğrafi Ad Giriş Elemanı Milliyetçilik
650 ## - KONU KATMA GİRİŞ - TOPİKAL DÖNEM
Topikal Süreli Veya Coğrafi Ad Giriş Elemanı Demokratikleşme
Genel Alt Bölümü Türkiye
650 ## - KONU KATMA GİRİŞ - TOPİKAL DÖNEM
Topikal Süreli Veya Coğrafi Ad Giriş Elemanı Siyaset ve yönetim
Genel Alt Bölümü Türkiye
740 ## - KATMA GİRİŞ - KONTROLSUZ İLGİLİ / ANALİTİK BAŞLIK
Kontrol Edilmeyen / İlgili Analitik Başlıktaki Algılar ve zihniyet yapıları: Milliyetçilik ekseni
740 ## - KATMA GİRİŞ - KONTROLSUZ İLGİLİ / ANALİTİK BAŞLIK
Kontrol Edilmeyen / İlgili Analitik Başlıktaki Demokratikleşme sürecinde parçalayan milliyetçilik(ler)
942 ## - EKLENDİ GİRİŞ ELEMANLARI (KOHA)
Sınıflandırma Veya Raf Düzeni Kaynak Dewey Decimal Classification
Koha Öğesi Türü Books
999 ## - SİSTEM KONTROL NUMARALARI (KOHA)
Koha Biblionumber 10822
Koha Biblioitemnumber 10822

No items available.